000
00315nam a22001337a 4500
020
_a
81-7224-462-2
082
_a
823
_b
LAM/M
100
_a
LAMB, G F
245
_a
MAGIC MAGIC
_b
FOR ALL THE FAMILY
260
_a
MUMBAI
_b
JAICO PUBLISHING HOUSE
_c
2004
300
_a
124
650
_a
ENGLISH FICTION
_z
INDIA
942
_c
BK
999
_c
8008
_d
8008